[Event "Twente Young Master op-B"]
[Site "Twente"]
[Date "2007.08.09"]
[Round "6"]
[White "Burg, Brent"]
[Black "Kellermann, Hagen"]
[Result "1-0"]
[WhiteElo "2013"]
[BlackElo "1409"]
[PlyCount "45"]
[EventDate "2007.08.06"]
[EventType "swiss"]
[EventRounds "9"]
[EventCountry "NED"]
[SourceTitle "EXT 2008"]
[Source "ChessBase"]
[SourceDate "2007.11.25"]
[SourceVersion "1"]
[SourceVersionDate "2007.11.25"]
[SourceQuality "1"]

1. e4 e6 2. d3 d5 3. Nd2 Nf6 4. Ngf3 c5 5. g3 Nc6 6. Bg2 Be7 7. 0-0 0-0 8. Re1 b5 9. h4 a5 10. e5 Nd7 11. Nf1 Ba6 12. N1h2 Qc7 13. Bf4 d4 14. Ng4 Rab8 15. Nd2 Rfe8 16. Nf6+ Nxf6 17. exf6 Bd6 18. Qg4 g6 19. Qg5 Bxf4 20. gxf4 Kh8 21. Qh6 Rg8 22. Ne4 g5 23. Nxg5 1-0

[Event "Niedersachsen-chT U16"]
[Site "Stade"]
[Date "2007.05.19"]
[Round "6.1"]
[White "Kellermann, Hagen"]
[Black "Bonacic, Jascha"]
[Result "1-0"]
[WhiteElo "1311"]
[BlackElo "1696"]
[PlyCount "39"]
[EventDate "2007.05.17"]
[EventType "team-tourn"]
[EventRounds "7"]
[EventCountry "GER"]
[SourceTitle "EXT 2008"]
[Source "ChessBase"]
[SourceDate "2007.11.25"]
[SourceVersion "1"]
[SourceVersionDate "2007.11.25"]
[SourceQuality "1"]

1. e4 d5 2. exd5 Qxd5 3. Nc3 Qa5 4. Bc4 Nf6 5. Nf3 Bg4 6. 0-0 Nc6 7. Be2 0-0-0 8. d3 e6 9. Bd2 Be7 10. Ng5 Bxe2 11. Nxe2 Bb4 12. c3 Rxd3 13. cxb4 Qd5 14. Nf4 Rxd2 15. Nxd5 Rxd1 16. Rfxd1 Nxd5 17. Nxf7 Re8 18. b5 Na5 19. Rac1 b6 20. Nd6+ 1-0

[Event "Niedersachsen-chT U16"]
[Site "Stade"]
[Date "2007.05.18"]
[Round "4.1"]
[White "Kellermann, Hagen"]
[Black "Walther, Jonas"]
[Result "1/2-1/2"]
[WhiteElo "1311"]
[BlackElo "1690"]
[PlyCount "34"]
[EventDate "2007.05.17"]
[EventType "team-tourn"]
[EventRounds "7"]
[EventCountry "GER"]
[SourceTitle "EXT 2008"]
[Source "ChessBase"]
[SourceDate "2007.11.25"]
[SourceVersion "1"]
[SourceVersionDate "2007.11.25"]
[SourceQuality "1"]

1. e4 e5 2. Nf3 Nf6 3. Nxe5 d6 4. Nf3 Nxe4 5. d3 Nf6 6. Be2 d5 7. 0-0 Be7 8. d4 0-0 9. c4 c6 10. Bf4 Bg4 11. Qb3 Qc8 12. Re1 Nbd7 13. Nbd2 dxc4 14. Bxc4 Nb6 15. Rxe7 Nfd5 16. Bg5 Bxf3 17. Qxf3 Nxc4 1/2-1/2